Normal view
MARC view
- Shipman, James T
Entry Personal Name
001 - CONTROL NUMBER
- control field: 103768
003 - CONTROL NUMBER IDENTIFIER
- control field: NUST
005 - DATE AND TIME OF LATEST TRANSACTION
- control field: 20221129125127.0
008 - FIXED-LENGTH DATA ELEMENTS
- fixed length control field: 221129|| aca||aabn | a|a d
040 ## - CATALOGING SOURCE
- Original cataloging agency: NUST
- Transcribing agency: NUST
100 ## - HEADING--PERSONAL NAME
- Personal name: Shipman, James T
670 ## - SOURCE DATA FOUND
- Source citation: Work cat.: (NUST)181555: Shipman, James T., An introduction to physical science / , c1990.
